[Event "North American-ch U16 Girls"]
[Site "Montreal"]
[Date "2010.08.17"]
[Round "3"]
[White "Zhang, Wenyue"]
[Black "Lam, Fiona V"]
[Result "0-1"]
[WhiteElo "1402"]
[BlackElo "1804"]
[PlyCount "86"]
[EventDate "2010.08.16"]
[EventType "tourn"]
[EventRounds "7"]
[EventCountry "CAN"]
[SourceTitle "EXT 2013"]
[Source "ChessBase"]
[SourceDate "2012.11.22"]
[SourceVersion "1"]
[SourceVersionDate "2012.11.22"]
[SourceQuality "1"]

1. e4 e5 2. Nf3 Nc6 3. Bc4 Bc5 4. c3 Nf6 5. d4 exd4 6. cxd4 Bb4+ 7. Bd2 Bxd2+ 8. Nbxd2 d5 9. exd5 Nxd5 10. Qb3 Nce7 11. Ne4 c6 12. Nc3 0-0 13. Nxd5 Nxd5 14. 0-0 Nb6 15. Bd3 Bg4 16. Rad1 Qf6 17. Be4 Rfe8 18. Qd3 h6 19. h3 Be6 20. b3 Rad8 21. Qc2 Bd5 22. Bxd5 Nxd5 23. Rd2 Nf4 24. Rfd1 Nxh3+ 25. gxh3 Qxf3 26. Qd3 Qxd3 27. Rxd3 Re4 28. Kg2 Re2 29. a4 Re6 30. b4 Rd5 31. f4 Re2+ 32. Kf3 Rb2 33. b5 cxb5 34. Ke4 Rd7 35. axb5 Rxb5 36. d5 a5 37. Rd4 Rc5 38. Ra4 f5+ 39. Ke5 Kf7 40. h4 g6 41. Rd2 b6 42. Rd1 Rc2 43. Rh1 Re2+ 0-1

[Event "CAN-ch U16/18 Girls"]
[Site "Windsor"]
[Date "2010.07.06"]
[Round "1"]
[White "Powell, Samantha"]
[Black "Zhang, Wenyue"]
[Result "1/2-1/2"]
[WhiteElo "1666"]
[BlackElo "1322"]
[PlyCount "91"]
[EventDate "2010.07.06"]
[EventType "swiss"]
[EventRounds "7"]
[EventCountry "CAN"]
[SourceTitle "EXT 2012"]
[Source "ChessBase"]
[SourceDate "2011.11.24"]
[SourceVersion "1"]
[SourceVersionDate "2011.11.24"]
[SourceQuality "1"]

1. e4 c5 2. Nf3 d6 3. d4 cxd4 4. Nxd4 Nf6 5. Nc3 g6 6. Be3 Bg7 7. f3 0-0 8. Qd2 Nc6 9. 0-0-0 Bd7 10. g4 a6 11. h4 b5 12. h5 b4 13. Nce2 a5 14. hxg6 fxg6 15. Bh6 Rc8 16. Bxg7 Kxg7 17. Qh6+ Kf7 18. g5 Rh8 19. gxf6 exf6 20. Nb5 Kg8 21. Nxd6 Rc7 22. Nf4 Ne5 23. Nxg6 Nxg6 24. Bc4+ Rxc4 25. Nxc4 Qc7 26. b3 Be6 27. Rdg1 Qg7 28. Qxg7+ Kxg7 29. f4 Bxc4 30. bxc4 Kf7 31. Rg4 h5 32. f5 Ne5 33. Rgh4 Nxc4 34. Rxh5 Rxh5 35. Rxh5 Ke7 36. Rh7+ Kd6 37. Rh4 Ke5 38. c3 bxc3 39. Kc2 Nd6 40. Kxc3 Nxe4+ 41. Kd3 Nd6 42. Ra4 Nb7 43. Ke3 Kxf5 44. Rf4+ Ke5 45. Re4+ Kf5 46. Rf4+ 1/2-1/2

[Event "CAN-ch U14 Girls"]
[Site "Victoria"]
[Date "2009.07.21"]
[Round "2"]
[White "Botez, Alexandra"]
[Black "Zhang, Wenyue"]
[Result "1-0"]
[WhiteElo "1883"]
[BlackElo "1351"]
[PlyCount "45"]
[EventDate "2009.07.21"]
[EventType "swiss"]
[EventRounds "7"]
[EventCountry "CAN"]
[SourceTitle "EXT 2011"]
[Source "ChessBase"]
[SourceDate "2010.11.26"]
[SourceVersion "1"]
[SourceVersionDate "2010.11.26"]
[SourceQuality "1"]

1. d4 Nf6 2. c4 g6 3. Nc3 Bg7 4. e4 d6 5. f3 0-0 6. Bd3 Nh5 7. Nge2 f5 8. exf5 Bxf5 9. Bxf5 Rxf5 10. g4 Rxf3 11. gxh5 gxh5 12. Nf4 Rxf4 13. Bxf4 e6 14. Qd2 Qh4+ 15. Bg3 Qf6 16. 0-0-0 Bh6 17. Rhg1 Bxd2+ 18. Rxd2 Kh8 19. Ne4 Qe7 20. c5 e5 21. dxe5 dxe5 22. Bxe5+ Qg7 23. Rd8# 1-0

[Event "CAN-ch U14 Girls"]
[Site "Victoria"]
[Date "2009.07.21"]
[Round "1"]
[White "Zhang, Wenyue"]
[Black "Yun, Chang"]
[Result "1-0"]
[WhiteElo "1351"]
[BlackElo "1174"]
[PlyCount "102"]
[EventDate "2009.07.21"]
[EventType "swiss"]
[EventRounds "7"]
[EventCountry "CAN"]
[SourceTitle "EXT 2011"]
[Source "ChessBase"]
[SourceDate "2010.11.26"]
[SourceVersion "1"]
[SourceVersionDate "2010.11.26"]
[SourceQuality "1"]

1. e4 c5 2. Nc3 Nc6 3. g3 g6 4. Bg2 Bg7 5. d3 d6 6. Nge2 e6 7. 0-0 Nge7 8. Be3 Nd4 9. Qd2 0-0 10. Nd1 Nxe2+ 11. Qxe2 Bd7 12. c3 Rb8 13. Rc1 Bc6 14. d4 cxd4 15. Bxd4 d5 16. exd5 Bxd5 17. Bxd5 Nxd5 18. Bxa7 Ra8 19. Bc5 Re8 20. a3 Qg5 21. Ne3 Nf4 22. Qc4 Ne2+ 23. Qxe2 Qxc5 24. Qc4 Qb6 25. Rb1 Rac8 26. Qe2 Red8 27. Rfd1 f5 28. Rxd8+ Rxd8 29. Rd1 Rxd1+ 30. Nxd1 Qb3 31. Qd2 e5 32. Qd8+ Kf7 33. Qd7+ Kf6 34. Qd6+ Kf7 35. h4 Bf8 36. Qd2 Be7 37. Ne3 Qa2 38. Qd5+ Qxd5 39. Nxd5 Bd6 40. c4 e4 41. b4 Ke6 42. Kf1 Ke5 43. Nb6 Kd4 44. c5 Bxc5 45. bxc5 Kxc5 46. Nd7+ Kb5 47. Nf8 Ka4 48. Nxh7 Kxa3 49. Nf8 b5 50. Nxg6 b4 51. Ne5 b3 1-0

[Event "CAN-ch U14 Girls"]
[Site "Quebec"]
[Date "2008.07.15"]
[Round "4"]
[White "Powell, Samantha"]
[Black "Zhang, Wenyue"]
[Result "1-0"]
[WhiteElo "1510"]
[BlackElo "1351"]
[PlyCount "27"]
[EventDate "2008.07.14"]
[EventType "swiss"]
[EventRounds "7"]
[EventCountry "CAN"]
[SourceTitle "EXT 2011"]
[Source "ChessBase"]
[SourceDate "2010.11.26"]
[SourceVersion "1"]
[SourceVersionDate "2010.11.26"]
[SourceQuality "1"]

1. e4 c5 2. Nf3 d6 3. d4 cxd4 4. Nxd4 Nc6 5. Nc3 Nf6 6. Bg5 e6 7. f4 e5 8. fxe5 dxe5 9. Nxc6 Qxd1+ 10. Rxd1 bxc6 11. Bc4 Be7 12. 0-0 Bc5+ 13. Kh1 Ng4 14. Rd8# 1-0